Normal view
MARC view
- Marshall, S. L. A
Entry Personal Name
001 - CONTROL NUMBER
- control field: 48716
003 - CONTROL NUMBER IDENTIFIER
- control field: NUST
005 - DATE AND TIME OF LATEST TRANSACTION
- control field: 20210314134120.0
008 - FIXED-LENGTH DATA ELEMENTS
- fixed length control field: 210314|| aca||aabn | a|a d
040 ## - CATALOGING SOURCE
- Original cataloging agency: NUST
- Transcribing agency: NUST
100 ## - HEADING--PERSONAL NAME
- Personal name: Marshall, S. L. A
670 ## - SOURCE DATA FOUND
- Source citation: Work cat.: (NUST): Marshall, S. L. A., The officer as a leader,, [1966]
